00493 a2200169 4500010001400000020002600014035001300040037001600053082001200069100001800081245007900099250001100178260004400189270004200233300002800275500002000303 aENG-89209 a9788120334397c350.00 aEN-72742 bDBAD / PUB14a658.4521 aLeech, Thomas1 aHow to prepare, stage and deliver winning presentations /cby Thomas Leech a3rd ed aNew DelhibPrentice Hall of Indiac2008 aM-97, Connaught CircusbDelhie110033 av, 330p.c22 cm ( Pbk.) aIncludes index